The physiology of insecta

Enregistré dans:
Détails bibliographiques
Auteur principal: Rockstein, Morris
Format: Livre
Langue:anglais
Publié: New York, USA Academic 1973
Édition:Segunda edición
Sujets:
Tags: Ajouter un tag
Pas de tags, Soyez le premier à ajouter un tag!

MARC

LEADER 00000nam a2200000 a 4500
001 UCT5323
003 CL-VaPUC
005 20241115145158.0
008 961205e19730000US |||||||||||||||||eng|d
999 |c 254274  |d 254272 
040 |c Pontificia Universidad Católica de Valparaíso 
082 0 4 |a 595.7 ROC 1973  |2 21 
100 0 |a Rockstein, Morris  |9 374720 
245 1 4 |a The physiology of insecta 
250 |a Segunda edición 
260 |a New York, USA  |b Academic  |c 1973 
300 |a v 
583 |a last modification  |c 19961205 00:00:00  |k Rodrigo Vera 
650 0 |a Insectos   |9 264174 
650 0 |a Entomología   |9 269835 
650 7 |a FISIOLOGIA ANIMAL  |2 CL-VaPUC  |9 269586 
650 7 |a METABOLISMO ANIMAL  |2 CL-VaPUC  |9 372835 
650 0 |a Reproducción animal  |9 370556 
942 |c BK  |2 ddc 
945 |d 19961205 00:00:00  |a lriquelm 
952 |0 0  |1 0  |4 0  |6 595_700000000000000_ROC_1973  |7 0  |8 A  |9 275790  |a BIBCUR  |b BIBCUR  |d 2019-11-19  |h v.1  |i 1796348  |o 595.7 ROC 1973  |p 1796348  |r 2025-04-22  |t 1  |w 2019-11-19  |y BK  |k BIO 
952 |0 0  |1 0  |4 0  |6 595_700000000000000_ROC_1973  |7 0  |8 A  |9 275791  |a BIBCUR  |b BIBCUR  |d 2019-11-19  |h v.2  |i 1796356  |o 595.7 ROC 1973  |p 1796356  |r 2025-04-22  |t 1  |w 2019-11-19  |y BK  |k BIO 
952 |0 0  |1 0  |4 0  |6 595_700000000000000_ROC_1973  |7 0  |8 A  |9 275792  |a BIBCUR  |b BIBCUR  |d 2019-11-19  |h v.3  |i 1796364  |o 595.7 ROC 1973  |p 1796364  |r 2025-04-22  |t 1  |w 2019-11-19  |y BK  |k BIO 
952 |0 0  |1 0  |4 0  |6 595_700000000000000_ROC_1973  |7 0  |8 A  |9 275793  |a BIBCUR  |b BIBCUR  |d 2019-11-19  |h v.4  |i 1796372  |o 595.7 ROC 1973  |p 1796372  |r 2025-04-22  |t 1  |w 2019-11-19  |y BK  |k BIO 
952 |0 0  |1 0  |4 0  |6 595_700000000000000_ROC_1973  |7 0  |8 A  |9 275794  |a BIBCUR  |b BIBCUR  |d 2019-11-19  |h v.5  |i 1796933  |o 595.7 ROC 1973  |p 1796933  |r 2025-04-22  |t 1  |w 2019-11-19  |y BK  |k BCB 
952 |0 0  |1 0  |4 0  |6 595_700000000000000_ROC_1973  |7 0  |8 A  |9 275795  |a BIBCUR  |b BIBCUR  |d 2019-11-19  |h v.6  |i 1796380  |o 595.7 ROC 1973  |p 1796380  |r 2025-04-22  |t 1  |w 2019-11-19  |y BK  |k BIO